000 01905nam a2200589 i 4500
001 29856
003 KOSZ 005
005 20240405063048.0
008 220427s1992 pl a g 001 0 pol
015 _aUWD 1993/720
020 _a8301110856
035 _a991000813769705066
035 _a(PL-WaBN)b1025562x-48omnis_nlop
035 _ab1025562x
035 _a(OCoLC)830055325
035 _azz2003992518
035 _a(PL)b0000001025562
035 _a(EXLNZ-48OMNIS_NETWORK)9910281938905606
040 _aWA N
_cWA N
_dKOSZ 005/RW
041 0 _apol
_beng
045 _bd1801
_bd1991
046 _k1992
080 _a94(4)
080 _a323.1"18/19"
100 1 _aWaldenberg, Marek
_d(1926-2018)
_eAutor
245 1 0 _aKwestie narodowe w Europie Środkowo-Wschodniej :
_bdzieje, idee /
_cMarek Waldenberg.
250 _aWydanie I.
260 _aWarszawa :
_bWydawnictwo Naukowe PWN,
_c1992.
300 _a418, [2] stron :
_berrata ;
_c21 cm.
336 _aTekst
_btxt
_2rdacontent
337 _aBez urządzenia pośredniczącego
_bn
_2rdamedia
338 _aWolumin
_bnc
_2rdacarrier
380 _aKsiążki
380 _aPublikacje naukowe
388 1 _a1901-2000
388 1 _a1989-2000
504 _aIndeks.
546 _aSpis treści także w języku angielskim.
648 7 _a1801-1900
_2DBN
648 7 _a1901-2000
_2DBN
650 7 _aPolityka narodowościowa
_2DBN
650 7 _aMniejszości narodowe
650 7 _aStosunki etniczne
651 7 _aEuropa Środkowo-Wschodnia
655 7 _aOpracowanie
658 _aHistoria
658 _aPolityka, politologia, administracja publiczna
710 2 _aWydawnictwo Naukowe PWN
_4pbl
856 _uhttp://koha.tu.koszalin.pl/cgi-bin/koha/opac-detail.pl?biblionumber=29856
_yKatalog online BPK
942 _2UKD
_cKS
999 _c29856
_d29856